Intermodal transportation of dangerous goods

Intermodálna preprava definovaná ako reťaz pozostávajúca z niekoľkých druhov dopravy, ktoré sú koordinované a interagujú v intermodálnych termináloch, aby sa zabezpečila služba "od dverí k dverám". Opísanie intermodálneho toku cestnej a námornej dopravy, vymedzenie zodpovednosti každej strany doprav...

Descrizione completa

Salvato in:
Dettagli Bibliografici
Autore principale: Galieriková, Andrea
Altri autori: Sosedová, Jarmila
Natura: Capitolo di libro
Lingua:inglese
Soggetti:
Tags: Aggiungi Tag
Nessun Tag, puoi essere il primo ad aggiungerne!!

MARC

LEADER 00000naa a2200000 4500
001 0234457
005 20220715120538.6
041 0 |a eng 
044 |a SK 
245 1 0 |a Intermodal transportation of dangerous goods  |c Andrea Galierikova, Jarmila Sosedova 
520 |a Intermodálna preprava definovaná ako reťaz pozostávajúca z niekoľkých druhov dopravy, ktoré sú koordinované a interagujú v intermodálnych termináloch, aby sa zabezpečila služba "od dverí k dverám". Opísanie intermodálneho toku cestnej a námornej dopravy, vymedzenie zodpovednosti každej strany dopravného reťazca a dôležitých problémov a prekážkok v celej intermodálnej preprave. Zvyšovanie dopytu po intermodálnej preprave nebezpečného tovaru. 
610 2 0 |a doprava kombinovaná 
610 2 0 |a doprava cestná 
610 2 0 |a doprava lodná 
610 2 0 |a bariéry podnikania 
610 2 0 |a tovar 
610 2 0 |a dopyt 
100 1 |a Galieriková, Andrea 
700 1 |a Sosedová, Jarmila